Music Quiz

Random Music or Lyrics Quiz

John Barleycorn Lyrics Quiz Stats

Quiz not verified by Sporcle

Also try: 50 Cover Songs
Challenge
Share
Tweet
Embed
Score 0/278 Timer 10:00
0 Plays Today
% Correct
john
100%
barleycorn
100%
john
100%
barleycorn
100%
john
100%
john
100%
barleycorn
100%
john
100%
john
100%
barleycorn
100%
the
96.8%
a
96.8%
a
96.8%
a
96.8%
the
96.8%
a
96.8%
a
96.8%
the
96.8%
the
96.8%
the
96.8%
the
96.8%
the
96.8%
the
96.8%
the
96.8%
the
96.8%
a
96.8%
a
96.8%
the
96.8%
the
96.8%
the
96.8%
the
96.8%
the
96.8%
the
96.8%
the
96.8%
the
96.8%
the
96.8%
a
96.8%
he
93.5%
he
93.5%
he
93.5%
he
93.5%
he
93.5%
and
90.3%
and
90.3%
and
90.3%
and
90.3%
and
90.3%
and
90.3%
and
90.3%
and
90.3%
and
90.3%
and
90.3%
they
90.3%
and
90.3%
they
90.3%
and
90.3%
and
90.3%
and
90.3%
and
90.3%
and
90.3%
and
90.3%
and
90.3%
there
87.1%
men
87.1%
of
87.1%
for
87.1%
to
87.1%
men
87.1%
made
87.1%
him
87.1%
men
87.1%
made
87.1%
was
87.1%
dead
87.1%
him
87.1%
for
87.1%
so
87.1%
him
87.1%
so
87.1%
men
87.1%
so
87.1%
to
87.1%
him
87.1%
him
87.1%
him
87.1%
him
87.1%
men
87.1%
him
87.1%
to
87.1%
him
87.1%
for
87.1%
him
87.1%
to
87.1%
% Correct
him
87.1%
there
87.1%
made
87.1%
men
87.1%
to
87.1%
him
87.1%
him
87.1%
for
87.1%
him
87.1%
so
87.1%
to
87.1%
were
83.9%
three
83.9%
these
83.9%
three
83.9%
must
83.9%
die
83.9%
these
83.9%
three
83.9%
little
83.9%
little
83.9%
with
83.9%
with
83.9%
with
83.9%
little
83.9%
little
83.9%
little
83.9%
they've
80.6%
in
80.6%
in
80.6%
came
77.4%
out
77.4%
solemn
77.4%
vow
77.4%
solemn
77.4%
vow
77.4%
long
77.4%
long
77.4%
long
77.4%
man
77.4%
at
77.4%
he's
77.4%
came
77.4%
solemn
77.4%
he's
77.4%
man
77.4%
at
77.4%
west
74.2%
they've
74.2%
they've
74.2%
they've
74.2%
time
74.2%
from
74.2%
sir
74.2%
they've
74.2%
sir
74.2%
beard
74.2%
they've
74.2%
cut
74.2%
they've
74.2%
they've
74.2%
they've
74.2%
they've
74.2%
cut
74.2%
from
74.2%
sir
74.2%
sir
74.2%
their
71%
fortunes
71%
his
71%
his
71%
sharp
71%
sharp
71%
that
71%
that
71%
two
71%
can't
71%
his
71%
can't
71%
head
67.7%
head
67.7%
grown
67.7%
become
67.7%
has
67.7%
ground
67.7%
brown
67.7%
brown
67.7%
hired
64.5%
hired
64.5%
on
64.5%
hired
64.5%
miller
64.5%
between
64.5%
% Correct
stones
64.5%
very
61.3%
did
61.3%
up
61.3%
knee
61.3%
oath
61.3%
poor
61.3%
nor
61.3%
try
58.1%
ploughed
58.1%
harrowed
58.1%
all
58.1%
john's
58.1%
than
58.1%
than
58.1%
nut
58.1%
nut
58.1%
without
58.1%
threw
54.8%
til
54.8%
til
54.8%
til
54.8%
heart
54.8%
worse
54.8%
til
54.8%
bone
54.8%
worse
54.8%
bowl
54.8%
he's
54.8%
bowl
54.8%
last
54.8%
hunt
54.8%
sown
51.6%
upon
51.6%
let
51.6%
lie
51.6%
them
51.6%
let
51.6%
tied
51.6%
glass
51.6%
strongest
51.6%
nor
51.6%
tinker
51.6%
clods
48.4%
rains
48.4%
heaven
48.4%
fall
48.4%
brandy
48.4%
huntsman
48.4%
mend
48.4%
pot
48.4%
sprung
45.2%
amazed
45.2%
off
45.2%
pitchforks
45.2%
who
45.2%
served
45.2%
skin
45.2%
served
45.2%
fox
45.2%
loader
41.9%
bound
41.9%
cart
41.9%
proved
41.9%
kettle
41.9%
pale
38.7%
scythes
38.7%
by
38.7%
most
38.7%
has
38.7%
blow
38.7%
horn
38.7%
day
35.5%
wan
35.5%
field
35.5%
sticks
35.5%
loudly
35.5%
stand
32.3%
midsummer's
32.3%
both
32.3%
rolled
32.3%
serving
32.3%
around
32.3%
around
32.3%
barn
32.3%
unto
29%
pricked
22.6%
crabtree
22.6%
looked
19.4%
way
19.4%
wheeled
19.4%
barbarously
12.9%

You're not logged in!

Compare scores with friends on all Sporcle quizzes.
Join for Free
OR
Log In

You Might Also Like...

Show Comments

Extras

Top Quizzes Today


Score Distribution

Your Account Isn't Verified!

In order to create a playlist on Sporcle, you need to verify the email address you used during registration. Go to your Sporcle Settings to finish the process.

Report this User

Report this user for behavior that violates our Community Guidelines.

Details: